ბათუმის შოთა რუსთაველის სახელმწიფო უნივერსიტეტის ბიბლიოთეკა

Sobotta atlas of human anatomy : (ბიბ.ჩანაწერი № 57612)

000 -LEADER
fixed length control field 01267cam a2200361 a 4500
001 - CONTROL NUMBER
control field 2105434
005 - DATE AND TIME OF LATEST TRANSACTION
control field 20200813151246.0
008 - FIXED-LENGTH DATA ELEMENTS--GENERAL INFORMATION
fixed length control field 960213s2006 mdua 001 0 eng
010 ## - LIBRARY OF CONGRESS CONTROL NUMBER
LC control number 96010269
020 ## - INTERNATIONAL STANDARD BOOK NUMBER
International Standard Book Number 0683182099 (v. 1)
020 ## - INTERNATIONAL STANDARD BOOK NUMBER
International Standard Book Number 9780443103483
040 ## - CATALOGING SOURCE
Original cataloging agency DNLM/DLC
Transcribing agency DLC
Modifying agency DLC
041 1# - LANGUAGE CODE
Language code of text/sound track or separate title eng
Language code of original ger
050 00 - LIBRARY OF CONGRESS CALL NUMBER
Classification number QM25
Item number .A7913 1997
060 10 - NATIONAL LIBRARY OF MEDICINE CALL NUMBER
Classification number QS 17 A88125 1996a
080 ## - UNIVERSAL DECIMAL CLASSIFICATION NUMBER
Universal Decimal Classification number 611(084.4) S-70
082 00 - DEWEY DECIMAL CLASSIFICATION NUMBER
Classification number 611/.0022/2
Edition number 20
130 0# - MAIN ENTRY--UNIFORM TITLE
Uniform title Atlas der Anatomie des Menschen.
Language of a work English.
9 (RLIN) 9224
245 10 - TITLE STATEMENT
Title Sobotta atlas of human anatomy :
Statement of responsibility, etc. Johannes Sobotta (Author); Edited by R. Putz, R. Pabst.
Remainder of title Vol. 1 /
246 30 - VARYING FORM OF TITLE
Title proper/short title Atlas of human anatomy
250 ## - EDITION STATEMENT
Edition statement 14th Edition
Remainder of edition statement
264 ## - PRODUCTION, PUBLICATION, DISTRIBUTION, MANUFACTURE, AND COPYRIGHT NOTICE
Place of production, publication, distribution, manufacture Munchen :
Name of producer, publisher, distributor, manufacturer Elsevier,
Date of production, publication, distribution, manufacture, or copyright notice 2006.
300 ## - PHYSICAL DESCRIPTION
Extent 419 p.
Other physical details ill. (some col.) ;
Dimensions 29 cm.
500 ## - GENERAL NOTE
General note Includes index.
505 0# - FORMATTED CONTENTS NOTE
Formatted contents note Vol. 1. Head, neck, upper limbs -- v. 2. Thorax, abdomen, pelvis, lower limb.
650 #0 - SUBJECT ADDED ENTRY--TOPICAL TERM
Topical term or geographic name entry element Human anatomy
Form subdivision Atlases.
9 (RLIN) 7218
650 12 - SUBJECT ADDED ENTRY--TOPICAL TERM
Topical term or geographic name entry element Anatomy, Regional
General subdivision atlases.
9 (RLIN) 9225
653 ## - INDEX TERM--UNCONTROLLED
keyword ადამიანის ანატომია
653 ## - INDEX TERM--UNCONTROLLED
keyword ატლასი
700 ## - ADDED ENTRY--PERSONAL NAME
Personal name Putz, R.
Relator term რედაქტორი
9 (RLIN) 9226
700 ## - ADDED ENTRY--PERSONAL NAME
Personal name Pabst, R.
Relator term რედაქტორი
9 (RLIN) 9227
942 ## - ADDED ENTRY ELEMENTS (KOHA)
Source of classification or shelving scheme
Koha item type წიგნი
ეგზემპლარები
Withdrawn status Lost status Source of classification or shelving scheme Damaged status Not for loan Permanent Location Current Location Shelving location Date acquired Cost, normal purchase price Full call number Barcode Date last seen Copy number Price effective from Koha item type Public note
          ბათუმის შოთა რუსთაველის სახელმწიფო უნივერსიტეტის მთავარი ბიბლიოთეკა ბათუმის შოთა რუსთაველის სახელმწიფო უნივერსიტეტის მთავარი ბიბლიოთეკა წიგნსაცავი 2020-08-13 171.00 611(084.4) S-70 60816 2020-08-13 60816 2020-08-13 წიგნი 171 ლ.